000 00296nam a22001337a 4500
008 180130b xxu||||| |||| 00| 0 eng d
020 _a9780735527188
041 _aeng
080 _24th
_a34
100 _a14
101 _aJUR
245 _aFederal jursdiction
_cChemerinsky,E
942 _2udc
_cBK
999 _c41209
_d41209